| 000 | 00696nam a22002297a 4500 | ||
|---|---|---|---|
| 005 | 20240401093128.0 | ||
| 008 | 230904b |||||||| |||| 00| 0 eng d | ||
| 020 | _a9781444121278 | ||
| 082 |
_a617 _bWIL-B |
||
| 100 | _aWilliams Norman S. | ||
| 245 |
_aBailey & Love's Short Practice of Surgery / _c Norman S Williams, Christopher J.K Bulstrode, Ronan O Connell |
||
| 250 | _a26th ed. | ||
| 260 |
_bTaylor & Francis : _c2013 . _aParis : |
||
| 300 |
_axiii ,738p. : _bil ; _c27 cm. |
||
| 490 | _vvol-1 | ||
| 500 | _aInclude Index | ||
| 650 | _aMedical / Surgery | ||
| 700 | _aNorman S. Williams | ||
| 700 | _aP. Ronan O'Connell | ||
| 700 | _aChristopher J. K. Bulstrode | ||
| 999 |
_c33424 _d33424 |
||